000 00815nam a2200217Ii 4500
003 JO-AjNU
008 230605s9999||||xx |||||||||||||| ||und||
017 _a2004/11/2727
040 _aJO-AjNU
_bara
_erda
_cJO-AjNU
041 _aara
050 1 4 _aBF698.D76 2005
100 3 _aالدروبي،طه كاسب/اعداد,
_eauthor
_99706
245 0 0 _aكيف تحلل شخصية جليسك:إقرأ ما يدور في ذهن جليسك من إيماءاته
250 _aط1
264 3 1 _aعمان:دار عالم الثقافة للنشر والتوزيع،دار الاسرة للنشر والتوزيع 2005
300 _a79ص
336 _atext
_btxt
_2rdacontent
337 _aunmediated
_bn
_2rdamedia
338 _avolume
_bnc
_2rdacarrier
650 4 _aعلم النفس الفردي-الشخصية
_99707
999 _aA1437
_c5005
_d5005